000 00507nam a2200145Ia 4500
008 090711s9999 xx 000 0 und d
082 _b28423
100 _aटोळ दत्ता श्री.
245 _aमgत्यूजंयाSया कथा
600 _aटोळ दत्ता श्री.
630 _aमgत्यूजंयाSया कथा
700 _aटोळ दत्ता श्री.
730 _aमgत्यूजंयाSया कथा
942 _cBOOK
999 _c323432
_d323432